Click the Brad Pitt Movie - Statistics

General Stats
  • This quiz has been taken 82 times
  • The average score is 17 of 20
Answer Stats
Hint Answer % Correct
Insomniac man forms an underground fighting ring with a mysterious soap salesman. Fight Club
96%
Ancient Greek war hero leads his soldiers to invade a rival city during the Trojan war. Troy
96%
Two detectives try to stop a serial killer whose victims embody the seven deadly sins. Se7en
95%
U.S. army lieutenant recruits Jewish-American soldiers to kill Nazis and scalp them. Inglourious Basterds
93%
Baseball manager uses statistics to assemble an undervalued team to victory. Moneyball
93%
Stunt double of a famous Hollywood actor beats up members of the Manson Family. Once Upon a Time in Hollywood
93%
Two women go on a road trip and pick up a handsome drifter on the way. Thelma & Louise
93%
Assassin is assigned to retrieve a briefcase full of cash on a high-speed Tokyo train. Bullet Train
91%
Professional thief enlists the help of ten other associates to rob a rival casino owner. Ocean's Eleven
91%
The story of a man who ages in reverse. The Curious Case of Benjamin Button
91%
United Nations investigator searches the world for a cure to a zombie apocalypse. World War Z
91%
Kidnapped African-American man meets a Canadian laborer who helps him reclaim his freedom. 12 Years a Slave
89%
Two assassins fall in love and are then ordered to kill each other by their employers. Mr. & Mrs. Smith
89%
Aging race car driver steps in to save his former teammate's underdog team from collapse. F1
85%
Beloved superhero Metro Man is finally defeated by his arch-nemesis. Megamind
85%
A look at the life of a famous American outlaw and how he ended up dying. The Assassination of Jesse James by the Coward Robert Ford
76%
Retired securities trader helps two young investors short the housing market before its inevitable collapse. The Big Short
73%
Louisiana man reveals his life story to a skeptical reporter. Interview with the Vampire
69%
Convict is sent back in time to prevent a deadly virus, and encounters the leader of the army believed responsible. 12 Monkeys
67%
Small-time boxing promoter enlists the help of an Irish Traveler with a strange accent. Snatch
67%
No matching quizzes found
Score Distribution
Percent of People with Each Score
Percentile by Number Answered
Your Score History
You have not taken this quiz